Statistics for All-Time UEFA Champions League & Europa League Table

Click here to take the quiz!

General Stats

  • This quiz has been taken 726 times
    (628 since last reset)
  • The average score is 40 of 50

Answer Stats

PldWDLGDPtsNationClub% Correct
51329989125+530986๐Ÿ‡ช๐Ÿ‡ธ{Real} {Madrid}
100%
3972269180+392769๐Ÿ‡ช๐Ÿ‡ธBarcelona
98%
4242488591+448829๐Ÿ‡ฉ๐Ÿ‡ช{Bayern} {Munich}
98%
3591748996+176611๐Ÿ‡ฎ๐Ÿ‡น{Inter} {Milan}
98%
3992168796+297735๐Ÿ‡ฎ๐Ÿ‡นJuventus
97%
3351668583+232581๐Ÿ‡ฎ๐Ÿ‡นMilan
97%
33315670104+129538๐Ÿ‡ต๐Ÿ‡นPorto
95%
34416675103+199573๐Ÿ‡ณ๐Ÿ‡ฑAjax
94%
37417286116+174602๐Ÿ‡ต๐Ÿ‡นBenfica
94%
3471738173+263600๐Ÿด๓ ง๓ ข๓ ฅ๓ ฎ๓ ง๓ ฟ{Manchester} {United}
94%
2511325465+144450๐Ÿ‡ช๐Ÿ‡ธ{Atlรฉtico} {Madrid}
93%
3251727873+272596๐Ÿด๓ ง๓ ข๓ ฅ๓ ฎ๓ ง๓ ฟLiverpool
93%
191944749+135329๐Ÿ‡ซ๐Ÿ‡ท{Paris} {Saint}-{Germain}
92%
2351124776+100383๐Ÿ‡ฉ๐Ÿ‡ช{Borussia} {Dortmund}
91%
2091115543+173388๐Ÿด๓ ง๓ ข๓ ฅ๓ ฎ๓ ง๓ ฟChelsea
91%
2631325576+162451๐Ÿด๓ ง๓ ข๓ ฅ๓ ฎ๓ ง๓ ฟArsenal
89%
30612273111+54439๐Ÿ‡ณ๐Ÿ‡ฑ{PSV} {Eindhoven}
89%
2551075197+44372๐Ÿ‡ต๐Ÿ‡น{Sporting} CP
88%
2481165280+89400๐Ÿ‡ฎ๐Ÿ‡นRoma
87%
1871014244+122345๐Ÿ‡ช๐Ÿ‡ธSevilla
87%
136703036+87240๐Ÿด๓ ง๓ ข๓ ฅ๓ ฎ๓ ง๓ ฟ{Manchester} {City}
86%
171794349+66280๐Ÿ‡ฉ๐Ÿ‡ช{Schalke} 04
85%
2471127065+119406๐Ÿ‡ช๐Ÿ‡ธValencia
85%
195783977+33273๐Ÿ‡ซ๐Ÿ‡ทMarseille
84%
2141024963+91355๐Ÿ‡ซ๐Ÿ‡ทLyon
83%
1971044647+178358๐Ÿด๓ ง๓ ข๓ ฅ๓ ฎ๓ ง๓ ฟ{Tottenham} {Hotspur}
83%
29210679107+13397๐Ÿ‡บ๐Ÿ‡ฆ{Dynamo} {Kyiv}
81%
212904973+50319๐Ÿ‡ฉ๐Ÿ‡ช{Bayer} 04 {Leverkusen}
78%
235845794+4309๐Ÿ‡ง๐Ÿ‡ช{Club} {Brugge}
78%
160674548+47246๐Ÿ‡ฎ๐Ÿ‡นNapoli
78%
2539852103+8346๐Ÿด๓ ง๓ ข๓ ณ๓ ฃ๓ ด๓ ฟCeltic
77%
30511672117-4420๐Ÿ‡ง๐Ÿ‡ชAnderlecht
76%
183814656+55289๐Ÿ‡ฎ๐Ÿ‡นLazio
76%
210865272+65310๐Ÿ‡ณ๐Ÿ‡ฑFeyenoord
75%
216645795-92249๐Ÿ‡น๐Ÿ‡ทGalatasaray
74%
221826178+2307๐Ÿด๓ ง๓ ข๓ ณ๓ ฃ๓ ด๓ ฟRangers
73%
155712955+29242๐Ÿ‡ท๐Ÿ‡บ{Zenit} {St} {Petersburg}
73%
2428143118-92286๐Ÿ‡ฌ๐Ÿ‡ทOlympiacos
71%
183783669+1270๐Ÿ‡บ๐Ÿ‡ฆ{Shakhtar} {Donetsk}
71%
194694976-13256๐Ÿ‡จ๐Ÿ‡ฟ{Sparta} {Prague}
71%
149734234+72261๐Ÿ‡ช๐Ÿ‡ธVillarreal
66%
196834171+44290๐Ÿ‡ท๐Ÿ‡ธ{Red} {Star} {Belgrade}
63%
155784136+126275๐Ÿ‡ฉ๐Ÿ‡ช{Borussia} {Mรถnchengladbach}
61%
157812551+78268๐Ÿ‡ฉ๐Ÿ‡ชHamburg
61%
217705493-48264๐Ÿ‡ฌ๐Ÿ‡ทPanathinaikos
60%
181713872-11251๐Ÿ‡จ๐Ÿ‡ญBasel
56%
176814154+37284๐Ÿ‡ซ๐Ÿ‡ทBordeaux
52%
216934479+19323๐Ÿ‡ท๐Ÿ‡บ{Spartak} {Moscow}
52%
157673852+69239๐Ÿ‡ฉ๐Ÿ‡ช{Werder} {Bremen}
51%
147702948+79239๐Ÿ‡ฉ๐Ÿ‡ชStuttgart
44%

Score Distribution

Percentile by Number Answered

Percent of People with Each Score

Your Score History

You have not taken this quiz since the last reset